| 000 | 00779nam a2200265Ia 4500 | ||
|---|---|---|---|
| 003 | OSt | ||
| 005 | 20220926020859.0 | ||
| 006 | a|||||r|||| 00| 0 | ||
| 007 | ta | ||
| 008 | 220923b |||||||| |||| 00| 0 eng d | ||
| 037 | _cGeneral Book | ||
| 040 |
_aRTL _cRTL _beng |
||
| 041 |
_2eng _aeng |
||
| 082 | _aB2898, M2 | ||
| 100 |
_aNicholis De F _9325300 |
||
| 245 | 0 |
_aRandom coefficient autoregressive models _b An intro |
|
| 260 |
_aNew York _bSpringer Verlag _c1982 |
||
| 300 |
_a154p _ccm. |
||
| 490 | _aLecture Notes in Statistics. 11 | ||
| 500 | _aBibliography: P 150-152 | ||
| 650 | _aOperational Research | ||
| 700 |
_a Quinn Barry G _9325301 |
||
| 942 |
_hB2898, M2 _cGB _2CC |
||
| 999 |
_c635160 _d635160 |
||